000 00756nam a2200301Ia 4500
005 20260401122306.0
008 008 250103s9999 xx 000 0 eng d
020 _a9780195685183
037 _aTB
040 _aEDL
040 _beng
040 _cEDL
041 _2eng
041 _aeng
084 _a704.391411 NEU
084 _qEDL
100 _aNeumayer, Erwin | Schelberger, Chistine
_91233153
245 0 _aBharart Mata: India's Freedom Movement in Popular Art
245 0 _cNeumayer, Erwin | Schelberger, Chistine
260 _aNew Delhi
260 _bOxford University Press
260 _c2008
300 _a218p
942 _cTB
942 _h704.391411 NEU
999 _c1846282
_d1846282